U.S. States Slideshow - Statistics

General Stats
  • This quiz has been taken 107 times
  • The average score is 10 of 12
Answer Stats
State % Correct
Texas
100%
New York
91%
Nevada
89%
Utah
88%
Maryland
87%
New Jersey
84%
Alabama
82%
Maine
81%
West Virginia
78%
Ohio
75%
Delaware
74%
Iowa
73%
No matching quizzes found
Score Distribution
Percent of People with Each Score
Percentile by Number Answered
Your Score History
You have not taken this quiz